000 01435cad a22002535a 4500
001 E145589
008 081024s2008 xxka f s000 0 eng d
020 _a9780755957736
035 _a(Sirsi) u145589
041 0 _aeng
050 0 4 _a333.72 $2 18
110 2 _aScotland
_bScottish Government
_95344
245 0 0 _aScottish sustainable communities initiative
_h[electronic resource]
260 _aEdinburgh
_bScottish Government
_c2008
505 2 _aForeword -- Introduction -- What are the desired outcomes? -- Request for submissions -- Housing -- Location -- Design and environmental performance -- The long term -- Delivery -- Content of submissions -- Assessment -- Successful proposals -- Some useful references -- Further information
520 _aThe Scottish Sustainable Communities Initiative is aimed at promoting the creation of very low or zero carbon communities. It is also hoped that it will encourage an increase in standards of environmental and design quality in new developments and illustrate Scotland's skills in architecture and design.
521 _aAdvanced
590 _aKA
650 2 4 _aSCOTTISH SUSTAINABLE COMMUNITIES INITIATIVE
651 4 _aScotland
_y1999-
690 _aENVIRONMENTAL AND LAND CONSULTANCY-SUSTAINABILITY-SUSTAINABLE DEVELOPMENT
856 4 0 _uhttps://www.scotland.gov.uk/Publications/2008/06/25093645/0
_zView the report free of charge at www.scotland.gov.uk...
942 _n0
999 _c108825
_d108825